000 00450pab a2200157 454500
008 180718b2009 xxu||||| |||| 00| 0 eng d
100 _aSchou, Arild
245 _aWho benefits from demand-driven distribution of HIV/AIDS services? An analysis of the emerging CBO sector in Malawi
260 _c2009
300 _ap.155-66.
362 _aMay
650 _aAIDS
773 _aPublic Administration and Development
908 _aN
909 _a82329
999 _c82329
_d82329